Top 10 Animes más conocidos - Estadísticas

Estadísticas generales
  • Esta prueba ha sido intentada 903 veces
  • La puntuación promedio es 6 de 10
Estadísticas de respuestas
Hint Respuesta % Correcto
1 Naruto
95%
2 Dragon Ball
94%
3 One Piece
91%
4 Death Note
65%
5 Bleach
62%
7 Demon Slayer / Kimetsu no Yaiba
55%
8 Shingeki no Kyojin / Attack of Titan
41%
6 Full Metal Alchemist
34%
9 Evangelion
33%
10 My Hero Academy / Boku no Hero Academia
20%
No se encontraron pruebas coincidentes
Distribución de puntuación
Porcentaje de gente con cada puntuación
Porcentaje por número respondido
Historial de tus puntuaciones
No has intentado esta prueba.